000
00405nam a2200145Ia 4500
008
230917s9999||||xx |||||||||||||| ||und||
040
_e
186245
_a
MAIN
041
_a
English
082
_a
891.4312109546 RK13K
100
_a
रैणा, कृष्णा
245
0
_a
कशमीरी निर्गुण सन्तकाव्य
260
_c
1977
300
_a
178 पृ. p.
942
_c
HN
999
_c
133640
_d
133640